La vida es bella
En 1939, a punto de estallar la Segunda Guerra Mundial (1939-1945), el extravagante Guido llega a Arezzo, en la Toscana, con la intención de abrir una librería. Allí conoce a la encantadora Dora y, a pesar de que es la prometida del fascista Rodolfo, se casa con ella y tiene un hijo. Al estallar la...
Guardado en:
| Autor Principal: | |
|---|---|
| Autor Corporativo: | |
| Otros Autores: | , |
| Formato: | |
| Idioma: | Undetermined |
| Publicado: |
Italia :
Miramax,
1997.
|
| Materias: | |
| Etiquetas: |
Agregar Etiqueta
Sin Etiquetas, Sea el primero en etiquetar este registro!
|
| LEADER | 01312ngm a22002295a 4500 | ||
|---|---|---|---|
| 001 | CEM.cems020523 | ||
| 008 | 231005s1997####mx#---############vlund#d | ||
| 005 | 20231005195723.0 | ||
| 245 | 1 | 0 | |a La vida es bella |h [videograbación] / |c Roberto Benigni. |
| 260 | |a Italia : |b Miramax, |c 1997. | ||
| 300 | |a 111'. | ||
| 520 | |a En 1939, a punto de estallar la Segunda Guerra Mundial (1939-1945), el extravagante Guido llega a Arezzo, en la Toscana, con la intención de abrir una librería. Allí conoce a la encantadora Dora y, a pesar de que es la prometida del fascista Rodolfo, se casa con ella y tiene un hijo. Al estallar la guerra, los tres son internados en un campo de exterminio, donde Guido hará lo imposible para hacer creer a su hijo que la terrible situación que están padeciendo es tan sólo un juego. | ||
| 590 | |a Identificación anterior: 213 | ||
| 538 | |a Soporte: DVD -- Formato: AVI Peso: 699 mb -- Resolución: 680 x 360 -- 25 fps | ||
| 500 | |a Título original: La vita è bella Idioma: Italia Subtítulos: Español. | ||
| 100 | 1 | |a Roberto Benigni. | |
| 700 | 1 | |a Braschi, Nicoletta; Reparto. | |
| 700 | 1 | |a Cantarini, Giorgio; Reparto. | |
| 710 | 2 | |a Miramax. | |
| 653 | |a LARGOMETRAJE | ||
| 653 | |a FICCIÓN | ||
| 859 | |a CEMS |b BIB. CEMS - Depto. Recursos Didacticos |h 778.5 |i BEN |k DRD |p 3157.23 |t Ej.1 | ||
